[Event "VIE-chB (Women)"]
[Site "Ba Dinh"]
[Date "2018.12.01"]
[Round "6"]
[White "Le, La Tra My"]
[Black "Nguyen, Phuong Nghi"]
[Result "1-0"]
[WhiteElo "1889"]
[BlackElo "1888"]
[PlyCount "54"]
[EventDate "2018.11.28"]
[EventType "swiss"]
[EventRounds "9"]
[EventCountry "VIE"]
[SourceTitle "EXT 2021"]
[Source "ChessBase"]
[SourceDate "2020.10.23"]
[SourceVersion "1"]
[SourceVersionDate "2020.10.23"]
[SourceQuality "1"]

1. d4 d5 2. c4 e6 3. g3 Nf6 4. Bg2 Be7 5. Nf3 0-0 6. 0-0 b6 7. b3 c5 8. cxd5 Nxd5 9. Bb2 Na6 10. Nbd2 Bb7 11. a3 Rc8 12. Rc1 f6 13. dxc5 Rxc5 14. Rxc5 Nxc5 15. b4 Nd7 16. Nd4 Kf7 17. Qb3 Re8 18. Nxe6 Kxe6 19. e4 Ne5 20. f4 Ng6 21. exd5+ Kd7 22. Rc1 Bd6 23. Qa4+ Ke7 24. Qxa7 Qd7 25. Re1+ Kf8 26. Rxe8+ Qxe8 27. Qxb6 Qd7 1-0